000 00561nam a2200217Ia 4500
003 OSt
005 20220928141854.0
006 a|||||r|||| 00| 0
007 ta
008 220927b |||||||| |||| 00| 0 eng d
024 _a18222
037 _cTextual
040 _aSDCL
_cSDCL
_beng
041 _2eng
_aeng
082 _aX:87, L7
100 _aDurbin Andrew J
_9502595
245 0 _aSurvival in the office
_b How to move ahead or hang on
260 _c1973
942 _hX:87, L7
_cTEXL
_2CC
999 _c820483
_d820483